|
|
|
|
| LEADER |
00000nab a2200000 a 4500 |
| 001 |
vtls000537955 |
| 003 |
SK-MaSNL |
| 005 |
20260304083937.0 |
| 008 |
250425c1994 xo 0 slo |
| 015 |
|
|
|a SNBRB19rr/mm-uuuuu
|
| 035 |
|
|
|a CL0538093
|
| 035 |
|
|
|a urn:nbn:sk:snk-ab7jaf
|
| 035 |
|
|
|a (urnnbn)urn:nbn:sk:snk:ar-005yau
|
| 035 |
|
|
|a (uuid)6e883671-441a-4502-8363-a938063c3cd0
|
| 040 |
|
|
|a SNKBUCL
|b slo
|c SNKBUCL
|e AACR2
|
| 041 |
0 |
|
|a slo
|
| 044 |
|
|
|a xo
|c SK
|
| 080 |
|
|
|a 37.01(091)
|2 1981
|
| 080 |
|
|
|a 37-051
|2 1981
|
| 100 |
1 |
|
|a Pšenák, Jozef,
|d 1939-
|4 aut
|9 220123
|
| 245 |
1 |
0 |
|a Sociálne aspekty Komenského Všeobecnej porady o náprave ľudských vecí
|c Jozef Pšenák
|
| 300 |
|
|
|b Res. angl., rus., lit. 21 zázn. v češ., nem., maď., slov.
|
| 600 |
1 |
7 |
|a Komenský, Jan Amos,
|d 1592-1670
|t Všeobecná porada o náprave ľudských vecí
|2 snkbucl
|9 53585
|
| 650 |
0 |
7 |
|a Všeobecná porada o náprave ľudských vecí
|2 snkbucl
|9 1375575
|
| 655 |
|
7 |
|a články z novín a časopisov
|2 snkbucl
|9 267496
|
| 773 |
0 |
|
|t Pedagogická revue
|g Roč. 46, č. 7-8 (1994), s. 376-385
|
| 850 |
|
|
|a Slovenská národná knižnica
|
| 852 |
|
|
|a Slovenská národná knižnica
|
| 954 |
|
|
|a odborná, vedecká literatúra pôvodná (slovenská)
|2 lita
|
| 958 |
|
|
|a article7
|
| 958 |
|
|
|a OND
|
| 958 |
|
|
|a NB
|
| 958 |
|
|
|a RK
|
| 958 |
|
|
|a BC
|
| 958 |
|
|
|a EUIPO
|
| 992 |
|
|
|a RBX
|
| 999 |
|
|
|c 2801739
|d 2803669
|